000
00218nam a2200085Ia 4500
008
120527s9999 xx 000 0 und d
100
_a
HIROSHI, M.
245
_a
Escape from imparse-The decision to open Japan
942
_c
BK
999
_c
25816
_d
25816